000 00662nam a22002177a 4500
999 _c16554
_d16554
003 OSt
005 20171009101230.0
008 171009b xxu||||| |||| 00| 0 eng d
020 _a9780781777988
040 _aKABU
_cKABU
050 _aRC628
_b.N88 2007
245 _aNutrition therapy :
_badvanced counseling skills /
_c[edited by] Kathy King, Bridget Klawitter
250 _a3rd ed.
260 _aPhiladelphia
_bWolters Kluwer
_c2007
300 _axi, 315 p.
650 _aNutrition counseling
650 _aObesity
_xPsychological aspects
700 _aKing, Kathy
700 _aKlawitter, Bridget
942 _2lcc
_cBK
_hRC628
_i.N88 2007